logo

Bir Sreshtho Munshi Abdur Rouf Library
Jhenaidah Cadet College

Analytic and Vector : (Record no. 2008)

MARC details
000 -LEADER
fixed length control field 00632nam a2200241 a 4500
001 - CONTROL NUMBER
JCCL Control Number 2008
003 - CONTROL NUMBER IDENTIFIER
JCCL marc code BD-JhCC
005 - DATE AND TIME OF LATEST TRANSACTION
control field 20171028170734.0
008 - FIXED-LENGTH DATA ELEMENTS--GENERAL INFORMATION
fixed length control field 171028s20112007bg ||||| ||a| 00| 0 eng d
020 ## - INTERNATIONAL STANDARD BOOK NUMBER
International Standard Book Number 9848758010
035 ## - SYSTEM CONTROL NUMBER
system control number (BD-JhCC)2008
040 ## - CATALOGING SOURCE
Original cataloging agency BD-JhCC
Modifying agency BD-JhCC
041 ## - LANGUAGE CODE
Language code of Book mul.
082 ## - DEWEY DECIMAL CLASSIFICATION NUMBER
Classification number 512.182
Author mark and Year ANA 2011
245 ## - TITLE STATEMENT
Title Analytic and Vector :
Remainder of title Geometry /
Statement of responsibility, etc md. Fazlur Rahman...[et al.].
260 ## - PUBLICATION, DISTRIBUTION, ETC. (IMPRINT)
Place of publication, distribution, etc Dhaka :
Name of publisher, distributor, etc Titas Publication,
Date of publication, distribution, etc 2011.
300 ## - PHYSICAL DESCRIPTION
Pagination 550 p. :
Other physical details ills.;
Dimensions 18 cm.
650 ## - SUBJECT ADDED ENTRY--TOPICAL TERM
Topical term or geographic name as entry element Vector analysis
651 ## - SUBJECT ADDED ENTRY--GEOGRAPHIC NAME
Geographic name Geometry
700 ## - ADDED ENTRY--PERSONAL NAME
Personal name Rahman, md. Fazlur
942 ## - ADDED ENTRY ELEMENTS (KOHA)
Source of classification or shelving scheme Dewey Decimal Classification
Koha item type Books
Holdings
Source of classification or shelving scheme Damaged status Not for loan Home library Current library Shelving location Date of accession Total Checkouts Full call number Barcode Date last seen Copy number Koha item type
Dewey Decimal Classification     JCC Rouf Library JCC Rouf Library General Stacks 10/28/2017   512.182 ANA 2011 3319 10/28/2017 C-1 Books

JCC Library | Contacts | JCC Home

Last Update on 23 September 2017
Copyright @ 2017-2020 JCC Rouf Library
Rouf Library, Jhenidah Cadet College (JCC), Bangladesh